Thiết kế bài giảng hóa học 10 T.2

保存先:
書誌詳細
第一著者: Cao, Cự Giác
その他の著者: Tạ, Thị Kiều Anh
フォーマット: 図書
言語:Undetermined
出版事項: H. Nxb. Hà Nội 2010
主題:
オンライン・アクセス:http://lrc.tdmu.edu.vn/opac/search/detail.asp?aID=2&ID=20901
タグ: タグ追加
タグなし, このレコードへの初めてのタグを付けませんか!
Thư viện lưu trữ: Trung tâm Học liệu Trường Đại học Thủ Dầu Một
LEADER 00741nam a2200217Ia 4500
001 TDMU_20901
008 210410s9999 xx 000 0 und d
082 |a 540.72 
090 |b C108 
100 |a Cao, Cự Giác 
245 0 |a Thiết kế bài giảng hóa học 10 
245 0 |c Cao Cự Giác (chủ biên), Tạ Thị Kiều Anh 
245 0 |n T.2 
260 |a H. 
260 |b Nxb. Hà Nội 
260 |c 2010 
300 |a 199tr. 
650 |a Sách lớp 10  |v Thiết kế bài giảng; Hóa học  |x Dạy và học  
700 |a Tạ, Thị Kiều Anh 
856 |u http://lrc.tdmu.edu.vn/opac/search/detail.asp?aID=2&ID=20901 
980 |a Trung tâm Học liệu Trường Đại học Thủ Dầu Một